00344nam a22001097a 4500040000900000082001200009100002300021110003400044245009700078260004400175650001500219 cNUST a200 THE aSaad Saud Ali Shah aSupervisor Dr. Saifullah Awan aTH-SOF-2112-Fabrication Of Cu DOPED ZINC Sulfide Thin Films for 2nd Generation Photovoltaics aISLAMABAD:bNUST COLLEGE OF EME,c2022. aMS-ELEC-19